Tax Filing Statuses Quiz Stats

 Plays Quiz Updated Mar 4, 2020

     
Support Sporcle.
Go Orange.
Score 0/5 Timer 01:00
0 Plays Today
Filing Status % Correct
Single
99.2%
Married Filing Jointly
74.4%
Married Filing Separately
68.3%
Head of Household
38.8%
Qualifying Widow or Widower
37.7%

From the Vault

Second 'L' Countries

by sproutcm

Geography 60s
Without 'L', the world is just a word.
Remove Ads.
Support Sporcle.
Get the best of Sporcle when you Go Orange. This ad-free experience offers more features, more stats, and more fun while also helping to support Sporcle. Thank you for becoming a member.

Show Comments

Extras

Top Quizzes Today


Score Distribution

Your Account Isn't Verified!

In order to create a playlist on Sporcle, you need to verify the email address you used during registration. Go to your Sporcle Settings to finish the process.

Report this User

Report this user for behavior that violates our Community Guidelines.

Details: